LEADER 00985nam a22002411i 4500 001 991003670239707536 005 20040525141410.0 008 040802s1941 fr |||||||||||||||||fre 035 $ab13109492-39ule_inst 035 $aARCHE-106210$9ExL 040 $aBiblioteca Interfacoltà$bita$cA.t.i. Arché s.c.r.l. Pandora Sicilia s.r.l. 082 04$a849.1040 245 00$aActualité des troubadours :$b(les troubadours de l'Aude) 260 $a[S.l. :$bs.n.,$c1941?] 300 $aP. 113-244 ;$c21 cm 500 $aEstr. da: Pyrénées : cahiers de la pensée française, anno 1, n. 2, settembre-ottobre 1941. 650 4$aPoesia trovadorica$xAntologie 907 $a.b13109492$b02-04-14$c05-08-04 912 $a991003670239707536 945 $aLE002 Fondo Giudici E 1165$g1$i2002000211958$lle002$nC. 1$o-$pE0.00$q-$rn$so $t0$u0$v0$w0$x0$y.i13744112$z05-08-04 996 $aActualité des troubadours$9307513 997 $aUNISALENTO 998 $ale002$b05-08-04$cm$da $e-$ffre$gfr $h0$i1 LEADER 02023oam 2200505 450 001 9910715316903321 005 20210308132306.0 035 $a(CKB)5470000002510869 035 $a(OCoLC)1240732744 035 $a(EXLCZ)995470000002510869 100 $a20210308d2020 ua 0 101 0 $aeng 135 $aur||||||||||| 181 $ctxt$2rdacontent 182 $cc$2rdamedia 183 $acr$2rdacarrier 200 10$aAttributes associated with women's contraceptive profiles in Burundi $eknowledge, attitudes, and interactions with media and health services /$fKerry L.D. MacQuarrie, Christina Juan, Alison Gemmill 210 1$aRockville, Maryland, USA :$cICF,$d2020. 215 $a1 online resource (xi, 22 pages) $ccolor illustration 225 1 $aDHS working papers ;$vno. 173 300 $a"August 2020." 300 $a"This document was produced for review by the United States Agency for International Development"--Cover. 320 $aIncludes bibliographical references (pages 19-22). 517 $aAttributes associated with women's contraceptive profiles in Burundi 606 $aContraception$zBurundi$xPublic opinion$vStatistics 606 $aContraceptives$zBurundi$xPublic opinion$vStatistics 606 $aWomen's health services$zBurundi$xPublic opinion$vStatistics 606 $aWomen$xHealth and hygiene$zBurundi$vStatistics 608 $aStatistics.$2lcgft 615 0$aContraception$xPublic opinion 615 0$aContraceptives$xPublic opinion 615 0$aWomen's health services$xPublic opinion 615 0$aWomen$xHealth and hygiene 700 $aMacQuarrie$b Kerry$01392344 702 $aJuan$b Christina 702 $aGemmill$b Alison 712 02$aDHS Program, 712 02$aUnited States.$bAgency for International Development, 801 0$bGPO 801 1$bGPO 801 2$bGPO 906 $aBOOK 912 $a9910715316903321 996 $aAttributes associated with women's contraceptive profiles in Burundi$93525157 997 $aUNINA LEADER 00900nam 2200253la 450 001 9910482533403321 005 20221102161441.0 035 $a(UK-CbPIL)2090366991 035 $a(CKB)5500000000091839 035 $a(EXLCZ)995500000000091839 100 $a20221102d1532 uy | 101 0 $alat 135 $aurcn||||a|bb| 200 10$aGenialium dierum libri sex varia ac recondita eruditione referti / Accuratius quam antehac excusi, cum duplici indice 210 $aParis $cGe?rard Morrhy, 1529-1532$d1532 215 $aOnline resource ([16], 194, [5] leaves , (fol.)) 300 $aReproduction of original in The Wellcome Library, London. 700 $aAlexander$b ab Alexandro$f1523.$034962 801 0$bUk-CbPIL 801 1$bUk-CbPIL 906 $aBOOK 912 $a9910482533403321 996 $aGenialium dierum libri sex varia ac recondita eruditione referti$91973804 997 $aUNINA